000 00452nam a2200193 a 4500
001 1765950118453
003 ACL
005 20251217111557.0
008 251217s2008##################000#0#eng##
020 _a9781844779253
082 0 4 _a641.5
_bJOH
100 1 _aJohnson, Becky,
_eauthor.
245 1 0 _aThai Cooking Made Easy :
260 _c2008.
300 _a96 pages
650 0 _aCooking, Thai.
942 _cENGLISH
040 _aACL
_beng
_cACL
999 _c602963
_d602963